000 00845nam a2200265Ia 4500
003 OSt
005 20220930080819.0
006 a|||||r|||| 00| 0
007 ta
008 220926b |||||||| |||| 00| 0 eng d
024 _a95088
037 _cTheses
040 _aCRL
_cCRL
_beng
041 _2eng
_aeng
100 _aAshish Kumar
_9537996
110 _aUniversity of Delhi. Faculty of Medical Sciences. Department of Physiology
245 0 _aEffects of bright light exposure on the electroretinogram in rabbit
260 _c2007
650 _aPHYSIOLOGY
700 _a Dr. Raj Kapoor Gu.
700 _a Dr. S. K. Bajaj Gu.
_9537049
700 _aUniversity of Delhi. Faculty of Medical Sciences. Department of Physiology
942 _cDIS
_2CC
999 _c870478
_d870478